000 00226nam a22000857a 4500
008 161101b xxu||||| |||| 00| 0 eng d
100 _91009
_aGoel.D.k.etal.
245 _aAccountancy-XII
260 _aNew Delhi
_bA.P. Publications
_c2012
999 _c3669
_d3669